Taylor Swift - Toutes les chansons - Statistiques

Statistiques générales
  • Ce quiz a été pris 28 121 fois
    73 depuis la dernière actualisation
  • Le résultat moyen est 179 sur 288
Statistiques - réponses
Albums Tracks Chansons % Correct
Fearless 1 Fearless
97%
Reputation 5 Delicate
92%
Lover 3 Lover
92%
Singles 2019 Lover (feat. Shawn Mendes)
92%
Red 2 Red
92%
Speak Now 4 Speak Now
92%
folklore 1 the 1
92%
1989 2 Blank Space
89%
Lover 2 Cruel Summer
89%
Reputation 6 Look What You Made Me Do
89%
Lover 16 ME! (feat. Brendon Urie)
89%
Fearless 5 White Horse
89%
folklore 2 cardigan
87%
Speak Now 9 Enchanted
87%
Fearless 3 Love Story
87%
Fearless (Taylor's Version) 27 Love Story (Elvira Remix)
87%
The Life of a Showgirl 3 Opalite
87%
Speak Now 15 Ours
87%
1989 6 Shake It Off
87%
1989 3 Style
87%
The Life of a Showgirl 1 The Fate of Ophelia
87%
The Life of a Showgirl 12 The Life of a Showgirl (feat. Sabrina Carpenter)
87%
Fearless 6 You Belong With Me
87%
Red 6 22
84%
Red 5 All Too Well
84%
Red (Taylor's Version) 29 All Too Well (10 Minute Version)
84%
Reputation 9 Getaway Car
84%
Reputation 1 ...Ready for It ?
84%
Lover 5 The Archer
84%
Lover 4 The Man
84%
The Tortured Poets Department 2 The Tortured Poets Department
84%
Red 8 We Are Never Ever Getting Back Together
84%
1989 1 Welcome to New York
84%
The Life of a Showgirl 9 Wood
84%
folklore 8 august
82%
1989 8 Bad Blood
82%
1989 (Taylor's Version) 22 Bad Blood (feat. Kendrick Lamar)
82%
folklore 14 betty
82%
Reputation 12 Dress
82%
The Life of a Showgirl 2 Elizabeth Taylor
82%
Lover 7 Miss Americana and The Heartbreak Prince
82%
1989 9 Wildest Dreams
82%
Reputation 4 Don't Blame Me
79%
Reputation 2 End Game (feat. Ed Sheeran et Future)
79%
The Life of a Showgirl 4 Father Figure
79%
The Tortured Poets Department 1 Fortnight (feat. Post Malone)
79%
Red 4 I Knew You Were Trouble
79%
Taylor Swift 13 Invisible
79%
Reputation 10 King Of My Heart
79%
Midnights 1 Lavender Haze
79%
Speak Now 14 Long Live
79%
Speak Now 1 Mine
79%
Taylor Swift 11 Our song
79%
1989 4 Out Of The Woods
79%
Speak Now 2 Sparks Fly
79%
Taylor Swift 3 Teardrops On My Guitar
79%
folklore 17 the lakes
79%
Speak Now 3 Back To December
76%
Speak Now 10 Better Than Revenge
76%
Reputation 14 Call It What You Want
76%
1989 13 Clean
76%
Lover 9 Cornelia Street
76%
Lover 18 Daylight
76%
The Life of a Showgirl 5 Eldest Daughter
76%
Fearless 2 Fifteen
76%
The Life of a Showgirl 11 Honey
76%
Reputation 3 I Did Something Bad
76%
Midnights 11 Karma
76%
Midnights (The Til Daw Édition) 23 Karma (feat. Ice Spice)
76%
Midnights 6 Midnight Rain
76%
The Tortured Poets Department 3 My Boy Only Breaks His Favorite Toys
76%
Reputation 15 New Year's Day
76%
The Tortured Poets Department : The Anthology 17 The Black Dog
76%
Red 13 The Lucky One
76%
evermore 1 willow
76%
Lover 14 You Need To Calm Down
76%
Lover 15 Afterglow
74%
Midnights 3 Anti-Hero
74%
evermore 2 champagne problems
74%
Speak Now 5 Dear John
74%
Reputation 8 Gorgeous
74%
folklore 16 hoax
74%
The Tortured Poets Department 13 I Can Do It With a Broken Heart
74%
evermore 13 marjorie
74%
Midnights 2 Maroon
74%
Speak Now 6 Mean
74%
folklore 5 my tears ricochet
74%
Taylor Swift 2 Picture To Burn
74%
The Tortured Poets Department : The Anthology 22 So High School
74%
The Tortured Poets Department 15 The Alchemy
74%
Taylor Swift 1 Tim McGraw
74%
The Life of a Showgirl 8 Wi$h Li$t
74%
The Life of a Showgirl 10 CANCELLED!
71%
The Tortured Poets Department : The Anthology 20 Chloe or Sam or Sophia or Marcus
71%
evermore 15 evermore (feat. Bon Iver)
71%
The Tortured Poets Department 8 Florida!!! (feat. Florence and the Machine)
71%
Speak Now 12 Haunted
71%
Fearless 4 Hey Stephen
71%
1989 (Taylor's Version) 21 Is It Over Now?
71%
Lover 17 It's Nice to Have a Friend
71%
The Tortured Poets Department 12 loml
71%
Lover 11 London Boy
71%
Midnights 13 Mastermind
71%
Fearless (Taylor's Version) 22 Mr. Perfectly Fine
71%
evermore 6 no body, no crime
71%
Lover 8 Paper Rings
71%
The Tortured Poets Department : The Anthology 28 Peter
71%
Red (Taylor's Version) 20 Ronan
71%
1989 (Taylor's Version) 17 "Slut!"
71%
Reputation 7 So It Goes...
71%
Lover 12 Soon You'll Get Better (feat. Dixie Chicks)
71%
folklore 3 the last great american dynasty
71%
Midnights 5 You're on Your Own, Kid
71%
The Tortured Poets Department 6 But Daddy I Love Him
68%
The Tortured Poets Department 4 Down Bad
68%
folklore 4 exile (feat. Bon Iver)
68%
1989 10 How You Get the Girl
68%
folklore 10 illicit affairs
68%
folklore 11 invisible string
68%
1989 16 New Romantics
68%
Midnights (3am Édition) 16 Paris
68%
The Life of a Showgirl 6 Ruin the Friendship
68%
The Tortured Poets Department 5 So Long, London
68%
Red 1 State of Grace
68%
Speak Now 17 Superman
68%
The Tortured Poets Department : The Anthology 31 The Manuscript
68%
Reputation 13 This is Why We Can't Have Nice Things
68%
Collaborations 2024 us. de Gracie Abrams
68%
Speak Now (Taylor's Version) 18 When Emma Falls In Love
68%
The Tortured Poets Department 10 Who's Afraid of Little Old Me?
68%
The Life of a Showgirl 7 Actually Romantic
66%
The Tortured Poets Department 16 Clara Bow
66%
Speak Now (Taylor's Version) 19 I Can See You
66%
Lover 6 I Think He Knows
66%
evermore 10 ivy
66%
1989 (Taylor's Version) 19 Now That We Don't Talk
66%
1989 (Taylor's Version) 18 Say Don't Go
66%
The Tortured Poets Department : The Anthology 26 The Prophecy
66%
The Tortured Poets Department 14 The Smallest Man Who Ever Lived
66%
Fearless 10 The Way I Loved You
66%
Midnights 8 Vigilante Shit
66%
1989 5 All You Had To Do Was Stay
63%
Midnights 9 Bejeweled
63%
Speak Now (Taylor's Version) 20 Castles Crumbling (feat. Hayley Williams)
63%
folklore 13 epiphany
63%
The Tortured Poets Department 7 Fresh Out the Slammer
63%
Lover 1 I Forgot That You Existed
63%
1989 12 I Know Places
63%
Speak Now 11 Innocent
63%
Midnights 10 Labyrinth
63%
Taylor Swift 10 Mary's Song
63%
Red (Taylor's Version) 27 Run (feat. Ed Sheeran)
63%
folklore 7 seven
63%
Midnights 4 Snow on the Beach (feat. Lana Del Ray)
63%
Midnights (The Til Daw Édition) 22 Snow on the Beach (feat. More Lana Del Ray)
63%
Midnights (3am Édition) 19 Would've, Could've, Should've
63%
Midnights (The Til Daw Édition) 24 You're Losing Me
63%
Reputation 11 Dancing With Our Hands Tied
61%
Red 14 Everything Has Changed (feat. Ed Sheeran)
61%
Lover 13 False God
61%
evermore 3 gold rush
61%
The Tortured Poets Department 9 Guilty as Sin
61%
Midnights (3am Édition) 17 High Infidelity
61%
folklore 12 mad woman
61%
folklore 15 peace
61%
Red 9 Stay Stay Stay
61%
The Tortured Poets Department : The Anthology 19 The Albatross
61%
1989 11 This Love
61%
1989 14 Wonderland
61%
1989 15 You Are In Love
61%
Red (Taylor's Version) 23 Babe
58%
Collaborations 2018 Babe de Sugarland
58%
evermore 9 coney island (feat. The National)
58%
evermore 11 cowboy like me
58%
Speak Now (Taylor's Version) 17 Electric Touch
58%
Midnights (3am Édition) 18 Glitch
58%
Midnights (The Til Daw Édition) 21 Hits Different
58%
The Tortured Poets Department 11 I Can Fix Him (No Really I Can)
58%
The Tortured Poets Department : The Anthology 18 imgonnagetyouback
58%
Speak Now 13 Last Kiss
58%
folklore 6 mirrorball
58%
evermore 16 right where you left me
58%
The Tortured Poets Department : The Anthology 30 Robin
58%
1989 (Taylor's Version) 20 Suburban Legends
58%
Fearless 12 The Best Day
58%
The Tortured Poets Department : The Anthology 29 The Bolter
58%
Speak Now 7 The Story Of Us
58%
folklore 9 this is me trying
58%
evermore 5 tolerate it
58%
Taylor Swift 4 A Place In This World
55%
Red (Taylor's Version) 21 Better Man
55%
Midnights (3am Édition) 15 Bigger Than The Whole Sky
55%
Singles 2019 Christmas Tree Farm
55%
Red 18 Come Back... Be Here
55%
evermore 8 dorothea
55%
Fearless 11 Forever & Always
55%
Fearless 16 Forever & Always (Piano Version)
55%
Red (Taylor's Version) 24 Message In A Bottle
55%
Midnights 7 Question...?
55%
Taylor Swift 9 Should've Said No
55%
The Tortured Poets Department : The Anthology 24 thanK you AImee
55%
Midnights (3am Édition) 14 The Great War
55%
The Tortured Poets Department : The Anthology 27 Cassandra
53%
Midnights (3am Édition) 20 Dear Reader
53%
Lover 10 Death By a Thousand Cuts
53%
Fearless 14 Jump Then Fall
53%
Fearless 19 The Other Side Of The Door
53%
Taylor Swift 5 Cold As You
50%
Red 19 Girl At Home
50%
Taylor Swift 12 I'm Only Me When I'm With You
50%
1989 7 I Wish You Would
50%
Speak Now 8 Never Grow Up
50%
Speak Now (Taylor's Version) 22 Timeless
50%
evermore 4 'tis the damn season
50%
Fearless 7 Breathe (feat. Colbie Caillat)
47%
Singles 2022 Carolina
47%
Fearless 13 Change
47%
The Tortured Poets Department : The Anthology 21 How Did It End?
47%
Collaborations 2016 I Don't Wanna Live Forever de ZAYN
47%
The Tortured Poets Department : The Anthology 23 I Hate It Here
47%
evermore 17 it's time to go
47%
Singles 2019 Only the Young
47%
Red 15 Starlight
47%
Midnights 12 Sweet Nothing
47%
Collaborations 2022 The Joker And The Queen de Ed Sheeran
47%
Red 10 The Last Time
47%
Taylor Swift 6 The Outside
47%
Red 3 Treacherous
47%
Red 16 Begin Again
45%
Fearless (Taylor's Version) 26 Bye Bye Baby
45%
evermore 14 closure
45%
Speak Now (Taylor's Version) 21 Foolish One
45%
Red (Taylor's Version) 26 Forever Winter
45%
evermore 7 happiness
45%
The Tortured Poets Department : The Anthology 25 I Look In People's Windows
45%
Singles 2011 Safe and Sound
45%
Fearless 18 Superstar
45%
Taylor Swift 7 Tied Together With a Smile
45%
Fearless (Taylor's Version) 25 Don't You
42%
Red 11 Holy Ground
42%
Red 7 I Almost Do
42%
Sounds of the Season 1 Last Christmas
42%
Red (Taylor's Version) 22 Nothing New (feat. Phoebe Bridgers)
42%
Singles 2023 Safe and Sound (Taylor's Version)
42%
Sounds of the Season 3 Santa Baby
42%
1989 (Taylor's Version) 23 Sweeter Than Fiction
42%
Singles 2013 Sweeter Than Fiction
42%
Sounds of the Season 6 White Christmas
42%
Singles 2023 All of The Girls You Loved Before
39%
Singles 2008 Crazier
39%
Red (Taylor's Version) 25 I Bet You Think About Me
39%
evermore 12 long story short
39%
Sounds of the Season 4 Silent Night
39%
Taylor Swift 8 Stay Beautiful
39%
Fearless (Taylor's Version) 24 That's When (feat. Keith Urban)
39%
Fearless 15 Untouchable
39%
Taylor Swift 14 A Perfectly Good Heart
37%
Fearless 17 Come In With The Rain
37%
Singles 2012 Eyes Open
37%
Singles 2023 Eyes Open (Taylor's Version)
37%
Singles 2026 I Knew It, I Knew You
37%
Parodies 2009 Monologue Song
37%
Fearless 8 Tell Me Why
37%
Red (Taylor's Version) 28 The Very First Night
37%
Speak Now 16 If This Was a Movie
34%
Singles 2023 If This Was a Movie (Taylor's Version)
34%
Singles 2019 Macavity
34%
Fearless 20 Today Was A Fairytale
34%
Fearless (Taylor's Version) 21 You All Over Me (feat. Maren Morris)
34%
Fearless 9 You're Not Sorry
34%
Singles 2008 Beautiful Eyes
32%
Sounds of the Season 2 Christmases When You Were Mine
32%
Sounds of the Season 5 Christmas Must Be Something More
32%
Collaborations 2021 Gasoline de HAIM
32%
Singles 2008 I Heart?
32%
Parodies 2021 Three Sad Virgins de Pete Davidson
32%
Singles 2019 Beautiful Ghosts
29%
Collaborations 2021 Renegade de Big Red Machine
29%
Red 12 Sad Beautiful Tragic
29%
Parodies 2008 Thug Story (feat. T-Pain)
29%
Red 17 The Moment I Knew
26%
Fearless (Taylor's Version) 23 We Were Happy
26%
Collaborations 2013 Highway Don't Care de Tim McGraw (feat. Keith Urban)
24%
Collaborations 2023 The Alcott de The National
24%
Collaborations 2009 Two Is Better Than One de Boys like Girls
24%
Collaborations 2012 Both of Us de B.O.B.
16%
Collaborations 2010 Half of My Heart de John Mayer
13%
Collaborations 2021 Birch de Big Red Machine
11%
Aucun quiz correspondant
Distribution des résultats
% des personnes avec chaque résultat
Percentile par nombre de réponses
Votre historique - résultats
Vous n’avez pas pris ce quiz depuis la dernière actualisation